[Event "Teplice Open 2018"]
[Site "Teplice"]
[Date "2018.06.18"]
[Round "3"]
[White "Postny, Evgeny"]
[Black "Kozak, Adam"]
[Result "1-0"]
[WhiteElo "2576"]
[BlackElo "2450"]
[Annotator "TA"]
[PlyCount "89"]
[EventDate "2018.06.16"]
[EventType "swiss"]
[EventCountry "CZE"]
[SourceTitle "playchess.com"]
[Source "ChessBase"]
[SourceQuality "1"]

{[%evp 18,89,40,22,27,14,27,22,5,3,125,120,118,129,119,118,133,82,82,82,92,83,87,79,110,104,108,106,106,93,94,95,97,76,76,76,76,76,109,100,111,87,230,227,227,218,229,221,189,214,204,196,635,622,550,442,442,442,442,495,492,484,451,482,786,754,820,822,966,964,938,929,916,865]} 1. d4 Nf6 2. c4 e6 3. Nc3 Bb4 4. Qc2 b6 5. e4 c5 6. d5 {E32: Nimzoindisch (4.Dc2)} Qe7 7. Nge2 exd5 8. exd5 O-O 9. Bg5 h6 10. Bh4 {LiveBook: 6 Partien} d6 11. O-O-O Nbd7 12. Ng3 Qe5 {Droht ...g5 und aus.} 13. Qd2 {[#] Schwarz sollte f4 verhindern.} Bxc3 (13... Qd4 $1 $11 {[%mdl 512] bleibt in der Remisbreite.} 14. Qxd4 cxd4 15. Bxf6 Nxf6 16. Rxd4 Ng4) 14. bxc3 $16 {Te1 ist eine echte Drohung.} Ne4 15. Nxe4 Qxe4 {[#]} 16. f4 $1 Qg6 17. Bd3 ({Lieber} 17. Be7) 17... f5 18. g4 Nf6 19. Bxf6 Qxf6 20. g5 Qg6 21. gxh6 Qxh6 22. Rhg1 Bd7 23. Rg5 Rae8 24. Rdg1 Rf6 25. Be2 {Und Th5 würde nun gewinnen.} ({Bitte nicht} 25. Rxg7+ $6 Qxg7 26. Rxg7+ Kxg7 $11) 25... Qh7 26. h4 Re7 27. h5 Be8 28. Bd1 Kf8 29. Qh2 Qh6 (29... Rh6 $16) 30. Bc2 $18 a6 31. Bxf5 b5 32. Be6 Rfxe6 33. dxe6 Qxe6 34. h6 gxh6 $2 {[#]} (34... Qxh6 35. Qxh6 gxh6 36. Rg8+ Kf7) 35. Rg8+ $1 {[%mdl 512] Weiß steht klar auf Gewinn.} Qxg8 36. Rxg8+ Kxg8 37. Qxh6 {[%mdl 4096] Endspiel KD-KTL} Rd7 38. Qe6+ Kf8 39. Kd2 bxc4 40. Qxc4 Ke7 (40... Ra7 $142 41. Qe6 Rd7) 41. Qe2+ Kd8 42. Qxa6 Bf7 43. a4 {[%cal Ba2a4,Ba4a5][%mdl 32]} Bd5 44. a5 Ke7 45. Qd3 {Precision: Weiß = 85%, Schwarz = 43%.} 1-0

[Event "Teplice Open 2018"]
[Site "Teplice"]
[Date "2018.06.18"]
[Round "3"]
[White "Peralta, Fernando"]
[Black "Von Bahr, Oskar"]
[Result "1/2-1/2"]
[WhiteElo "2567"]
[BlackElo "2431"]
[Annotator "TA"]
[PlyCount "222"]
[EventDate "2018.06.16"]
[EventType "swiss"]
[EventCountry "CZE"]
[SourceTitle "playchess.com"]
[Source "ChessBase"]
[SourceQuality "1"]

{[%evp 26,222,0,-14,0,0,0,0,0,-1,32,42,30,17,16,14,31,16,16,16,21,17,20,18,22,14,15,16,18,11,52,16,38,28,68,77,67,68,95,83,97,95,112,112,154,144,135,123,136,116,115,91,89,89,102,50,60,0,102,81,89,89,79,80,78,37,83,0,0,0,0,0,0,0,0,0,0,0,0,0,27,0,0,0,0,0,0,0,7,0,0,0,69,0,8,0,8,8,8,8,8,0,0,0,8,9,80,80,80,80,80,80,80,80,80,80,80,80,80,80,80,80,80,80,80,80,80,80,80,0,80,0,80,8,80,80,80,80,80,80,80,80,80,80,80,80,80,80,80,80,80,80,80,80,80,80,80,80,80,80,80,80,80,80,80,80,80,80,80,80,80,80,80,80,80,80,80,80,80,80,80,80,80,80,80,80,80,80,80,80,80,80,80,0,80,80,80,80,80]} 1. d4 Nf6 2. c4 e6 3. Nf3 c5 4. e3 d5 5. Nc3 cxd4 6. exd4 Bb4 7. Bd3 dxc4 8. Bxc4 O-O 9. O-O b6 10. Bg5 Bb7 11. Rc1 h6 12. Bh4 Nc6 13. a3 Be7 14. Ba2 {LiveBook: 3 Games. E57: Nimzo-Indian: Rubinstein: Main Line: 7...Nc6 8 a3 dxc4 9 Bxc4 cxd4} Rc8 15. Re1 Nh5 16. Bg3 {The position is equal.} Nxg3 17. hxg3 Re8 18. d5 exd5 19. Bxd5 Bf6 20. Ne4 Kf8 ({But not} 20... Bxb2 $2 21. Bxf7+ $1 {[%mdl 512]} Kf8 22. Bxe8 $18) 21. Rc2 {Rd2 is the strong threat.} Nd4 22. Rxc8 Nxf3+ 23. gxf3 Qxc8 24. Bxb7 Qxb7 25. Qa4 b5 26. Qb3 Be7 27. Rd1 Rd8 28. Rxd8+ Bxd8 29. Nd6 Qd7 30. Nxb5 Bb6 31. Qb4+ Kg8 32. Nd6 Qe7 33. Qd2 Qe5 {White must now prevent ...Qxg3+.} 34. Kg2 Bd4 35. Nc4 Qc5 36. b3 h5 37. Qe2 g6 38. f4 Kg7 39. Qf3 Qf5 40. Nd6 (40. b4 $16) 40... Qc5 $14 41. Nc4 Qf5 $1 42. a4 Qc2 43. Ne5 Bb6 44. f5 gxf5 45. b4 Bd4 {[#]} 46. Nd3 (46. Nxf7 $1 $16 {[%mdl 512]} Kxf7 47. Qd5+ Kg6 48. Qxd4) 46... Qxa4 $11 47. Qd5 Bb6 48. Qe5+ Kg8 49. Qxf5 Qc6+ 50. Kh2 Qg6 51. Qd5 Qg4 52. f3 Qc8 53. Nf4 Qc2+ 54. Kh3 Qc8+ 55. Kh2 Qc2+ 56. Kh3 Qc8+ 57. Kh4 Bd8+ 58. Kxh5 Bf6 (58... a6 $11) 59. Kh6 (59. b5 $14) 59... Qf8+ 60. Kh5 Qg7 61. Qa8+ Kh7 $1 {[%csl Gf6][%cal Rg7g5]} 62. Qe4+ Kg8 $132 {[%csl Gf6][%cal Rg7g5][%mdl 2048] Black is not keeping still} 63. Qa8+ Kh7 $1 {[%csl Gf6][%cal Rg7g5]} 64. Qe4+ Kg8 {[%csl Gf6][%cal Rg7g5]} 65. Qf5 Bd8 (65... Be7 $1 $11) 66. Qg4 $16 a5 67. bxa5 Qxg4+ 68. Kxg4 Bxa5 {[%mdl 4096] Endgame KB-KN} 69. Kf5 Bc7 70. g4 {[%cal Bg3g4,Bg4g5][%mdl 32]} Kg7 71. g5 Ba5 72. Nh5+ Kf8 73. f4 Bd2 74. Nf6 Bc1 75. Ne4 Kg7 76. Kg4 Bb2 77. Kf5 Bc1 78. Nf6 (78. Nd6 $16) 78... Bb2 (78... Kf8 $11) 79. Nd7 (79. Ne8+ $16 Kf8 80. Nf6) 79... Bc1 (79... Bd4 $11 {remains equal.}) 80. Kg4 $1 Bb2 81. f5 {[%cal Bf4f5,Bf5f6][%mdl 32]} Bc3 82. f6+ Kg8 83. Kf5 Bb2 84. Ne5 Bc3 85. Nc6 Bb2 86. Ne7+ Kf8 87. Kg4 Ba3 88. Nf5 Bb2 89. Kh5 Bc3 90. Kh6 Bd2 91. Nd6 Bc1 92. Ne4 Kg8 93. Kh5 Bb2 94. Nd6 Bc3 95. Nc4 Bd4 96. Na5 Bc3 97. Nc6 Kh7 {[#]} 98. Ne7 $1 Bb2 99. Kg4 Bc1 100. Kf5 Bb2 101. Kf4 Bc1+ {[#]} 102. Kg4 $1 Bb2 103. Kh5 Bc3 104. Nf5 {Threatens to win with Nh6.} Kg8 105. Kh6 Bd2 106. Ne7+ Kf8 107. Nd5 Bc1 108. Kh5 Bb2 109. Kh6 Bc1 $1 110. Nc3 Kg8 111. Ne4 Bb2 {Precision: White = 71%, Black = 77%.} 1/2-1/2

[Event "Teplice Open 2018"]
[Site "Teplice"]
[Date "2018.06.18"]
[Round "3"]
[White "Dastan, Muhammed Batuhan"]
[Black "Satyapragyan, Swayangsu"]
[Result "1/2-1/2"]
[WhiteElo "2538"]
[BlackElo "2395"]
[Annotator "TA"]
[PlyCount "60"]
[EventDate "2018.06.16"]
[EventType "swiss"]
[EventCountry "CZE"]
[SourceTitle "playchess.com"]
[Source "ChessBase"]
[SourceQuality "1"]

{[%evp 14,60,21,0,-4,-24,-26,-36,-44,-35,-45,-93,-70,-89,-24,-7,0,-27,-32,-43,-24,-39,0,0,0,-34,-15,-15,-12,-69,-55,-70,-12,-86,-37,-120,-100,-269,-262,-272,-258,-236,-122,-129,-119,-127,-129,-115,-69]} 1. Nf3 Nf6 2. g3 b5 3. Bg2 Bb7 4. Na3 a6 5. c4 e5 6. O-O {A05: Übergänge in verschiedene Eröffnungen} Bxa3 7. bxa3 d6 8. Rb1 {LiveBook: 3 Partien. Die Stellung ist ausgeglichen.} c5 9. e3 O-O 10. d4 exd4 11. exd4 Be4 12. Ra1 bxc4 13. dxc5 {[#]} dxc5 (13... d5 $1 $17 14. Bg5 h6 15. Bxf6 Qxf6) 14. Bb2 Nbd7 15. Rc1 Qb6 16. Ba1 Rad8 {...Se5! ist eine echte Drohung.} 17. Nd2 $1 {[%cal Rd2e4]} Bxg2 18. Kxg2 Qc6+ 19. Kg1 Nb6 $36 {[%mdl 2048] Schwarz hat gut koordiniertes Spiel.} 20. Qc2 Rfe8 {Und weiter mit ...Te2 wäre nett.} 21. Rfe1 ({Besser ist} 21. Bxf6 $11 Qxf6 22. Nxc4) 21... Rxe1+ 22. Rxe1 Re8 (22... Qd5 $15 23. Bxf6 gxf6) 23. Rb1 (23. Rxe8+ $11 Qxe8 24. Bxf6 gxf6 25. Nxc4 Nxc4 26. Qxc4) 23... h6 24. Qf5 (24. Bxf6 $15 Qxf6 25. Nxc4 Nxc4 26. Qxc4) 24... Ne4 25. Qg4 $2 (25. Qf3 $17 {ist wohl besser.}) 25... c3 $19 26. Nxe4 Rxe4 27. Qd1 {[#]} Nd5 (27... Na4 $1 $19 28. Qc2 Qg6) 28. Qd3 $17 {Schwarz steht besser.} Re8 29. Bxc3 Nxc3 30. Qxc3 Qd5 {Precision: Weiß = 26%, Schwarz = 42%.} 1/2-1/2

[Event "Teplice Open 2018"]
[Site "Teplice"]
[Date "2018.06.18"]
[Round "3"]
[White "Krysa, Leandro"]
[Black "Teclaf, Pawel"]
[Result "1-0"]
[WhiteElo "2529"]
[BlackElo "2384"]
[Annotator "TA"]
[PlyCount "135"]
[EventDate "2018.06.16"]
[EventType "swiss"]
[EventCountry "CZE"]
[SourceTitle "playchess.com"]
[Source "ChessBase"]
[SourceQuality "1"]

{[%evp 18,135,8,0,0,0,0,0,0,4,31,21,31,28,26,19,71,56,60,58,58,56,64,49,48,-35,-38,-49,-58,-68,-47,-50,-55,-68,0,-43,0,-86,-39,-51,-49,-65,-37,-77,-63,-62,-64,-65,-60,-53,-62,-47,-49,-48,-25,-42,-39,-49,-6,-6,-6,-6,-6,-6,-6,-7,312,311,280,299,285,291,405,403,477,474,470,482,5297,268,265,260,237,264,323,285,390,380,396,381,675,476,584,443,443,420,395,387,375,367,895,500,483,491,458,440,483,466,572,577,29966,12013,29971,29970,29975,29975,29979,29980,29983,29984]} 1. e4 c5 2. Nf3 d6 3. Nc3 a6 4. g3 Nf6 5. e5 dxe5 6. Nxe5 {B50: Sizilianisch (Verschiedenes mit 2...d6)} Nbd7 7. d4 e6 8. Be3 Qc7 9. Qe2 cxd4 10. Bxd4 {LiveBook: 3 Partien} Bc5 11. Bxc5 Qxc5 12. Nd3 Qc6 13. Rg1 Nd5 14. Nxd5 Qxd5 15. Bg2 Qa5+ 16. Qd2 Qh5 (16... Qxd2+ $11 {hält das Gleichgewicht.} 17. Kxd2 Ra7) 17. h4 Ne5 18. Nf4 Nf3+ 19. Kd1 $1 Qg4 20. Qe2 Ne5 21. f3 (21. Re1 $14) 21... Qf5 $15 22. Re1 Nc6 $1 23. Qd3 Qc5 24. Qe3 Qd6+ 25. Qd3 Qc5 26. Qe3 Qd6+ 27. Qd3 Qc7 28. Ke2 O-O 29. Kf1 Rd8 30. Qe3 Nb4 31. Re2 Bd7 32. c3 Nd5 33. Nxd5 exd5 34. Qe5 Qb6 {[#] zielt auf ...Lb5 ab.} 35. Rf2 Bb5+ 36. Kg1 d4 37. a4 dxc3 {Und ...Td2 würde nun gewinnen.} 38. axb5 Rd2 39. Qe1 cxb2 40. Rb1 Rad8 {Weiss muss nun ...a5 beachten.} 41. Bf1 a5 $2 {[%mdl 8192]} (41... Qc5 $11) 42. Kg2 $1 $18 {[%csl LRb2,LRd2]} Qd4 {[#] ...a4 ist eine echte Drohung.} 43. Rxd2 Qxd2+ 44. Qf2 a4 {Droht stark ...a3.} 45. Rxb2 Qa5 46. Bc4 a3 47. Rc2 Rc8 (47... Rd7 $142 48. Qe3 Qa8) 48. Qd2 $2 (48. Bxf7+ Kxf7 49. Rxc8 Qxb5 50. Rc7+ Kg6 51. Qc2+ Kf6 52. Qxh7 Qe2+ 53. Kh3) 48... Qxd2+ 49. Rxd2 {[%mdl 4096] Endspiel KTL-KT} Kf8 50. Ba2 Rc1 51. Kf2 Ke7 52. Ke3 Ra1 53. Kd4 h5 $2 (53... b6 54. Kd5 Rc1) 54. b6 f6 55. f4 Kd6 56. Kc3+ Kc6 57. Kb3 Re1 58. Rd3 g5 $2 (58... Kxb6 59. Kxa3 Re7) 59. Kxa3 gxh4 60. gxh4 Rf1 61. Rd4 Kxb6 62. Rd6+ Kc7 63. Rxf6 Rh1 64. f5 {[%cal Bf4f5,Bf5f6][%mdl 32]} Rxh4 65. Rh6 {Weiß setzt Matt.} b5 66. f6 b4+ 67. Ka4 Rf4 68. Bb3 {Precision: Weiß = 79%, Schwarz = 34%.} 1-0

[Event "Teplice Open 2018"]
[Site "Teplice"]
[Date "2018.06.18"]
[Round "3"]
[White "Thybo, Jesper Sondergaard"]
[Black "Colijn, Stefan"]
[Result "1/2-1/2"]
[WhiteElo "2502"]
[BlackElo "2343"]
[Annotator "TA"]
[PlyCount "67"]
[EventDate "2018.06.16"]
[EventType "swiss"]
[EventCountry "CZE"]
[SourceTitle "playchess.com"]
[Source "ChessBase"]
[SourceQuality "1"]

{[%evp 20,67,23,25,29,25,30,0,22,12,17,16,22,18,18,20,27,0,24,19,44,26,14,10,20,0,0,-16,-12,-58,0,0,0,0,0,-1,0,0,0,-22,-15,-24,0,0,-9,-76,-76,-79,-76,-79]} 1. e4 e5 2. Nf3 Nc6 3. Bc4 Nf6 4. d3 Bc5 5. O-O d6 6. c3 a6 7. a4 {C54: Giuoco Piano: 4 c3 Nf6, main lines with 5 d4 and 5 d3} Ba7 8. Na3 h6 9. Nc2 O-O 10. Be3 Re8 11. Bxa7 {LiveBook: 5 Games} Rxa7 12. Ne3 Be6 13. Qc2 Ra8 14. b4 d5 15. Ba2 dxe4 16. dxe4 Bxa2 17. Rxa2 Qe7 18. Nd5 Qd6 19. Rd1 Rad8 {[%cal Rf6d5]} 20. Raa1 Ne7 {[%cal Rf6d5]} 21. Nxf6+ Qxf6 22. Qe2 Qe6 23. b5 Nc8 24. c4 Qe7 (24... Rxd1+ $1 $15 25. Rxd1 Nb6) 25. bxa6 $11 bxa6 26. Rd5 Qb4 27. a5 ({Don't go for} 27. Nxe5 $2 Rxd5 28. exd5 Qc3 $19) 27... c6 28. Rxd8 ({Don't blunder} 28. Rxe5 $2 Rxe5 29. Nxe5 Qc3 $19) 28... Rxd8 29. g3 Nd6 30. Qc2 Qxc4 31. Qxc4 Nxc4 32. Ra4 (32. Rc1 $11 {was the only way to keep the balance.} Nxa5 33. Nxe5) 32... Rd1+ $17 33. Kg2 Rc1 34. Rb4 {Precision: White = 35%, Black = 67%.} 1/2-1/2

[Event "Teplice Open 2018"]
[Site "Teplice"]
[Date "2018.06.18"]
[Round "3"]
[White "Grinberg, Eyal"]
[Black "Rodshtein, Maxim"]
[Result "1/2-1/2"]
[WhiteElo "2472"]
[BlackElo "2688"]
[Annotator "TA"]
[PlyCount "60"]
[EventDate "2018.06.16"]
[EventType "swiss"]
[EventCountry "CZE"]
[SourceTitle "playchess.com"]
[Source "ChessBase"]
[SourceQuality "1"]

{[%evp 18,60,14,11,27,11,31,8,2,2,9,14,3,12,6,5,23,25,21,9,4,16,8,0,-14,-14,-8,-5,0,0,0,-16,0,0,-9,-28,-39,-35,-28,-27,-8,-31,0,-14,0]} 1. e4 e5 2. Nf3 Nc6 3. Bb5 Nf6 4. d3 Bc5 5. c3 O-O 6. O-O {C65: Ruy Lopez: Berlin Defence (3...Nf6), unusual lines and 4 0-0 Bc5} Re8 7. Bg5 a6 8. Bc4 h6 9. Bh4 Be7 10. a4 {LiveBook: 3 Games} d6 11. Na3 {[%cal Bb1a3,Ba3c2,Bc2e3][%mdl 32]} Nh7 12. Bxe7 (12. Bg3 {is more complex.} Ng5 13. Nd2 Bf6 14. Nc2 Ne7 15. d4) 12... Nxe7 13. Qb3 Rf8 14. Nc2 c6 15. Ne3 Nf6 16. Qc2 Ng6 17. d4 exd4 18. cxd4 d5 19. exd5 cxd5 20. Ba2 Be6 21. Ne5 Rc8 $36 {[%mdl 2048] Black is pushing.} 22. Qe2 Qb6 {...Nf4 is the strong threat.} 23. Rfd1 Ne7 24. f3 Nc6 25. Nxc6 bxc6 {[%cal Bb7c6,Bc6c5,Bc5d4][%mdl 32]} 26. Qd2 Rb8 27. Rac1 Rfc8 28. b3 c5 29. Kh1 cxd4 30. Nc2 a5 {Precision: White = 70%, Black = 44%.} 1/2-1/2

[Event "Teplice Open 2018"]
[Site "Teplice"]
[Date "2018.06.18"]
[Round "3"]
[White "Iniyan, P."]
[Black "Movsesian, Sergei"]
[Result "1/2-1/2"]
[WhiteElo "2460"]
[BlackElo "2633"]
[Annotator "TA"]
[PlyCount "156"]
[EventDate "2018.06.16"]
[EventType "swiss"]
[EventCountry "CZE"]
[SourceTitle "playchess.com"]
[Source "ChessBase"]
[SourceQuality "1"]

{[%evp 12,156,25,26,65,58,66,64,62,64,92,78,76,78,79,77,85,70,70,60,70,20,69,56,62,47,50,53,70,70,75,50,50,50,57,57,63,68,66,45,38,37,54,33,97,94,88,94,89,74,145,145,220,145,145,149,149,149,149,149,152,152,152,152,154,152,169,157,164,149,150,161,213,213,244,244,244,244,244,244,244,183,244,244,244,244,1668,185,185,185,185,185,185,185,185,185,185,185,185,185,185,185,185,185,185,185,185,163,163,163,163,163,163,163,163,163,163,40,40,32,40,40,40,40,29972,29973,29973,29974,29974,29975,29974,29975,29975,29976,29976,32,32,32,32,32,32,32,32,20,20,0,0]} 1. d4 Nf6 2. c4 e6 3. Nc3 Bb4 4. Nf3 d5 5. Qb3 a5 6. Bg5 {D38: Queen's Gambit Declined: Ragozin Defence (4 Nf3 Bb4)} Nc6 7. a3 {LiveBook: 4 Games} Bxc3+ 8. Qxc3 {White is slightly better.} h6 9. Bxf6 Qxf6 10. e3 Qg6 11. cxd5 exd5 12. Qc5 Qd6 13. Rc1 O-O 14. Bb5 Bd7 15. O-O Rfc8 16. Nd2 Be8 17. Qxd6 cxd6 18. Be2 Ne7 19. Nb1 Rc6 20. Nc3 Rac8 21. Bf3 Bd7 22. Rcd1 Be6 23. Rd2 Kf8 24. Be2 Ng8 25. e4 Nf6 26. exd5 Nxd5 27. Bf3 Rxc3 ({Better is} 27... Nxc3 $14 28. Bxc6 Rxc6) 28. bxc3 $16 Rxc3 29. Rb1 Rxa3 30. Rxb7 Ra1+ (30... a4 $142) 31. Rd1 Rxd1+ 32. Bxd1 {[%mdl 4096] Endgame KRB-KBN} Nc3 33. Bf3 a4 34. Ra7 Bb3 35. Bc6 Ne2+ 36. Kf1 Nxd4 37. Bxa4 Be6 38. f3 g6 39. Kf2 h5 40. Ke3 Nf5+ 41. Kf4 Kg7 (41... f6 $142 42. g3 h4) 42. g4 $1 $18 {[%cal Rg4f5]} hxg4 43. fxg4 Nd4 44. Ke3 Nb3 45. Bxb3 Bxb3 {KR-KB} 46. Ra6 Kf6 (46... g5 $142 47. Rxd6 f6) 47. Rxd6+ Kg5 48. Kf3 f5 $2 (48... Be6 49. h3 Kh4) 49. gxf5 $2 (49. h3 Bc2 50. Kg3) 49... gxf5 50. Rd7 Bc2 51. Rg7+ Kh6 52. Rg1 Be4+ 53. Kf4 Bc2 54. Rg3 Be4 55. Ke5 Kh5 56. Rg8 Bc2 57. Kf4 Be4 58. Rh8+ Kg6 59. h4 Kg7 60. Rh5 $1 Kg6 61. Rg5+ Kh6 62. Ke5 Bc2 63. Rg8 Be4 64. Kf6 (64. Kf4 $18) 64... Kh5 $14 65. Rh8+ Kg4 66. h5 {Threatens to win with h6.} f4 67. Ke5 Bc2 $2 {[%mdl 8192]} (67... Bf3 $14) 68. Rc8 $1 Bb1 69. Rb8 Bc2 70. Rb2 $1 Bh7 {[#]} 71. Rb7 $1 Bc2 72. h6 f3 {[#]} 73. Rf7 $2 (73. Rg7+ $1 {mates} Kh3 74. Rf7 Kg3 75. Kd4 (75. h7 Bxh7 76. Kd4 Bg8 $11) 75... Kf2 76. Rb7 (76. h7 Bxh7 77. Rxh7 Ke1 $14) 76... Bg6 77. Rb2+ Kg3 78. Ke3) 73... Bg6 $1 74. Rf4+ Kg5 75. Rxf3 {Threatening mate with Rg3+.} Kxh6 76. Kf6 {White wants to mate with Rh3+.} Kh5 $1 77. Rh3+ Kg4 78. Kxg6 {White threatens Re3 and mate.} Kxh3 {Precision: White = 67%, Black = 56%.} 1/2-1/2

[Event "Teplice Open 2018"]
[Site "Teplice"]
[Date "2018.06.18"]
[Round "3"]
[White "Jurcik, Marian"]
[Black "Erdos, Viktor"]
[Result "1/2-1/2"]
[WhiteElo "2443"]
[BlackElo "2620"]
[Annotator "TA"]
[PlyCount "61"]
[EventDate "2018.06.16"]
[EventType "swiss"]
[EventCountry "CZE"]
[SourceTitle "playchess.com"]
[Source "ChessBase"]
[SourceQuality "1"]

{[%evp 20,61,22,8,0,1,14,0,0,6,-2,-32,12,25,27,16,22,23,22,25,53,6,15,-12,0,0,0,-4,14,14,14,14,28,28,28,35,28,0,0,0,0,0,8,8]} 1. e4 e6 2. d4 d5 3. Nd2 c5 4. Ngf3 cxd4 5. Nxd4 Nc6 6. Bb5 Bd7 7. Nxc6 bxc6 8. Bd3 Qc7 9. Qe2 {C07: French Tarrasch: 3...c5, 4 Ngf3 and 4 exd5 Qxd5} Ne7 10. O-O Ng6 11. Nf3 {LiveBook: 18 Games} Be7 12. Re1 O-O 13. e5 Rab8 14. h4 f5 15. exf6 (15. h5 {keeps more tension.} Nh4 16. Ng5 c5 17. c3 c4 18. Bc2) 15... Bxf6 (15... gxf6 {with more complications.} 16. c4 Rf7 17. Nd4 e5 18. Nf5 Bf8) 16. Bxg6 hxg6 17. Ne5 Bxe5 18. Qxe5 Qxe5 19. Rxe5 Rf5 20. Rxf5 gxf5 $14 {[%mdl 4096] Endgame KRB-KRB} 21. f4 Rb4 22. c3 Re4 23. Kf2 e5 24. g3 d4 25. fxe5 dxc3 26. bxc3 Rxe5 27. Rb1 Rb5 28. Rxb5 cxb5 {The position is equal.} 29. Ke3 Be6 30. a3 a5 31. Kd4 {Precision: White = 67%, Black = 64%.} 1/2-1/2

[Event "Teplice Open 2018"]
[Site "Teplice"]
[Date "2018.06.18"]
[Round "3"]
[White "Ikeda, Junta"]
[Black "Turov, Maxim"]
[Result "1/2-1/2"]
[WhiteElo "2420"]
[BlackElo "2600"]
[Annotator "TA"]
[PlyCount "62"]
[EventDate "2018.06.16"]
[EventType "swiss"]
[EventCountry "CZE"]
[SourceTitle "playchess.com"]
[Source "ChessBase"]
[SourceQuality "1"]

{[%evp 12,62,22,24,34,32,59,56,56,56,66,27,29,25,29,12,18,18,67,37,66,70,66,43,71,69,73,65,56,56,73,0,0,0,0,0,0,0,0,0,0,0,0,0,0,0,0,0,0,0,0,0,0]} 1. Nf3 Nf6 2. g3 d5 3. Bg2 e6 4. O-O Be7 5. c4 O-O 6. b3 a5 7. Nc3 {LiveBook: 157 Partien} Na6 {A14: Reti-Eröffnung} 8. Bb2 Nc5 9. d4 Nce4 {Weiß steht etwas besser.} 10. Nxe4 Nxe4 11. Nd2 Nxd2 12. Qxd2 a4 13. Qc2 c6 14. e4 Qa5 15. Bc3 Bb4 16. Bxb4 Qxb4 17. cxd5 exd5 18. exd5 cxd5 19. Qc5 Qxc5 20. dxc5 Rd8 21. Rad1 (21. Rfd1 $16) 21... axb3 $11 {Die Stellung ist ausgeglichen.} 22. axb3 d4 23. Rd2 Ra3 24. Rfd1 Kf8 25. h4 ({Nur nicht} 25. Rxd4 $2 Rxd4 26. Rb1 Bf5 $19) 25... Rxb3 26. Rxd4 Rxd4 27. Rxd4 {[#] Droht Td8+ und aus. KTL-KTL} Ke7 28. Bd5 Rc3 29. Rb4 Rxc5 30. Bxb7 Bxb7 31. Rxb7+ Ke6 {Precision: Weiß = 68%, Schwarz = 56%.} 1/2-1/2

[Event "Teplice Open 2018"]
[Site "Teplice"]
[Date "2018.06.18"]
[Round "3"]
[White "Menezes, Christoph"]
[Black "Stocek, Jiri"]
[Result "1-0"]
[WhiteElo "2404"]
[BlackElo "2570"]
[Annotator "TA"]
[PlyCount "83"]
[EventDate "2018.06.16"]
[EventType "swiss"]
[EventCountry "CZE"]
[SourceTitle "playchess.com"]
[Source "ChessBase"]
[SourceQuality "1"]

{[%evp 16,83,0,2,41,32,43,34,46,37,50,31,46,7,35,7,9,0,10,8,15,21,41,0,12,2,5,0,18,12,26,18,64,65,89,76,54,26,212,207,293,295,285,291,291,293,302,300,294,296,293,298,300,297,348,370,368,373,370,362,395,396,866,866,866,850,822,813,1219,800]} 1. c4 e5 2. Nc3 d6 3. g3 f5 4. Bg2 Nf6 5. d3 Be7 6. e4 c6 7. Nge2 O-O {A21: English Opening: 1...e5 2 Nc3} 8. O-O Na6 9. h3 {LiveBook: 19 Games} Kh8 {The position is equal.} 10. Be3 Be6 11. exf5 Bxf5 12. g4 Be6 13. f4 Bg8 14. Kh1 Nc7 15. Ng3 exf4 16. Bxf4 Ne6 17. Bd2 Nd7 {[%cal Bf6d7,Bd7e5,Be5d3][%mdl 32]} 18. Nf5 Ne5 19. b3 Nxd3 20. Be3 Ne5 21. Qd2 Bg5 22. Bxg5 Nxg5 23. Rad1 Nef7 24. Rfe1 {[%mdl 1024] h4 is the strong threat. White has compensation.} Qf6 {[#]} 25. h4 $1 $36 {[%cal Rh4g5][%mdl 2048] White is really pushing.} Ne6 26. Ne4 Qg6 $2 (26... Qd8 $1 $11 {and Black is okay.}) 27. Bh3 $18 {Threatens to win with h5.} Nc5 (27... Nh6 $142) 28. h5 ({And not} 28. Nfxd6 Nxe4 29. Nxe4 Rad8 $11) ({Less strong is} 28. Nexd6 Nxd6 29. Qxd6 Qxd6 $14) 28... Nxe4 29. hxg6 Nxd2 30. gxf7 Bxf7 31. Rxd2 d5 32. Nd6 Bg8 33. cxd5 Bxd5+ 34. Bg2 Rad8 35. Nxb7 Bxg2+ 36. Rxg2 Rd5 37. Re6 h5 38. g5 {[%cal Bg4g5,Bg5g6][%mdl 32]} h4 $2 {[#]} (38... g6 39. Rxg6 Rf4) 39. g6 {White is clearly winning.} h3 40. Rge2 Kg8 41. Nd6 h2 42. Nf7 {Precision: White = 63%, Black = 30%.} 1-0

[Event "Teplice Open 2018"]
[Site "Teplice"]
[Date "2018.06.18"]
[Round "3"]
[White "Cukrowski, Filip"]
[Black "Vorobiov, Evgeny E"]
[Result "0-1"]
[WhiteElo "2401"]
[BlackElo "2553"]
[Annotator "TA"]
[PlyCount "104"]
[EventDate "2018.06.16"]
[EventType "swiss"]
[EventCountry "CZE"]
[SourceTitle "playchess.com"]
[Source "ChessBase"]
[SourceQuality "1"]

{[%evp 22,104,32,39,52,19,83,82,99,108,110,116,141,129,147,138,139,130,170,158,160,163,163,163,207,210,202,122,125,127,131,131,131,131,125,119,163,104,141,121,200,181,185,71,52,65,68,63,76,35,39,8,33,0,0,0,0,0,0,-69,-79,-83,-40,-146,-89,-178,-67,-181,-166,-375,-352,-374,-326,-367,-374,-365,-312,-535,-526,-537,-532,-629,-621,-944,-925]} 1. c4 Nf6 2. Nf3 g6 3. Nc3 Bg7 4. e4 O-O 5. d4 d6 6. Be2 Nbd7 7. O-O e5 8. Re1 c6 9. Bf1 exd4 10. Nxd4 Re8 11. Bf4 Ne5 {E95: King's Indian: Classical: 7...Nbd7 8 Re1} 12. h3 {LiveBook: 7 Games} Nh5 13. Be3 Nd7 (13... Qh4 $11) 14. Qc2 $16 Be5 15. Rad1 Qf6 16. Qd2 Nf8 17. Nce2 Qe7 18. f4 {[%cal Bf2f4,Bf4f5][%mdl 32]} Bg7 19. Bf2 Ne6 20. Nxe6 Bxe6 21. g4 Nf6 22. Nc3 Bf8 23. f5 Bc8 24. Bg3 Nd7 25. Bxd6 Qxd6 26. Qxd6 Bxd6 27. Rxd6 Ne5 28. Red1 Kf8 29. c5 (29. Kf2 $18) 29... Ke7 30. Ne2 Nd7 (30... Nc4 $16 {is a better defense.}) 31. b4 $18 a5 {[#]} 32. a3 (32. b5 $1 $18 {is the precise move to win.}) 32... axb4 $16 33. axb4 Ne5 34. Nd4 Ra2 35. b5 {[%cal Rb5c6]} Bd7 36. Be2 cxb5 37. Kf2 {And now Nf3 would win.} Bc6 38. f6+ Kf8 {aiming for ...Nc4.} 39. Nxc6 bxc6 40. R1d2 (40. g5 $1 $11) 40... Ra3 $15 41. h4 Rc3 42. h5 {[#]} (42. Rd8 $15) 42... Rxc5 (42... g5 $142 $1 43. Rd8 Rxc5) 43. R2d4 (43. g5 $17) 43... Rc3 (43... h6 $19 44. Ke3 Rc3+ 45. Kf2 g5) 44. Kg2 (44. g5 $1 $15) 44... Rc2 45. Kf2 $2 (45. Rd2 {was worth a try.} Rxd2 46. Rxd2) 45... Nxg4+ $19 46. Ke1 Ne5 47. Kd1 Ra2 48. Ke1 h6 49. hxg6 $2 (49. Rd2 Ra3 50. R6d4) 49... fxg6 {Black is clearly winning.} 50. Bd1 Ra3 51. Kf2 Kf7 52. Rb4 Nd3+ {Precision: White = 34%, Black = 45%.} 0-1